| 000 | 00000nam##2200000za#4500 |
| 001 | 9.680877 |
| 003 | CaOODSP |
| 005 | 20200330065148 |
| 007 | tc |
| 008 | 150407|1999||||xxc|||||f||||f|0| 0 fre|d |
| 020 | |a0-662-83983-8 |
| 040 | |aCaOODSP|bfre |
| 043 | |an-cn--- |
| 086 | 1 |aMP80-2/11-1999F-BR |
| 110 | 1 |aCanada.|bDéveloppement des ressources humaines Canada. |
| 245 | 10|aOrientations futures du gouvernement du Canada concernant les personnes handicapées : |h[braille]|bune%la pleine citoyenneté: une responsabilité collective |
| 260 | |aOttawa - Ontario : |bDéveloppement des ressources humaines Canada |c1999. |
| 300 | |a[53]p. ; |c28 cm. |
| 563 | |aReliure à spirale |
| 590 | |a99-37|b1999-09-17 |
| 691 | 07|aPersonne handicapée|2gcpds |
| 691 | 07|aPolitique gouvernementale|2gcpds |
| 775 | 08|tFuture directions to address disability issues for the government of Canada : |w(CaOODSP)9.647452 |
| 776 | 0#|tOrientations futures du gouvernement du Canada concernant les personnes handicapées : |w(CaOODSP)9.640568 |
| 776 | 0#|tOrientations futures du gouvernement du Canada concernant les personnes handicapées : |w(CaOODSP)9.680788 |
| 776 | 0#|tOrientations futures du gouvernement du Canada concernant les personnes handicapées : |w(CaOODSP)9.680874 |
| 776 | 0#|tOrientations futures du gouvernement du Canada concernant les personnes handicapées : |w(CaOODSP)9.680875 |
| 776 | 0#|tOrientations futures du gouvernement du Canada concernant les personnes handicapées : |w(CaOODSP)9.680876 |
| 986 | |aSDDP-029-06-99F |